| 000 | 02418nam0a2200373 i 4500 | ||
|---|---|---|---|
| 001 | RU\NLR\BIBL_A\010410483 | ||
| 005 | 20260407091045.0 | ||
| 010 |
_a9785875559587 _9100 |
||
| 021 |
_aRU _b2014-31670 _91941 |
||
| 035 | _a(NILC)RuMoRGB-007209948 | ||
| 035 | _a(NLR Aleph) 010410483 | ||
| 090 |
_a9754277 _c9754277 |
||
| 100 | _a20140630d2013 k y0rusy50 ca | ||
| 101 | 0 | _arus | |
| 102 | _aRU | ||
| 105 | _aa|||z|||101yy | ||
| 200 | 1 |
_aЛогопедическое сопровождение образования лиц с ограниченными возможностями здоровья _eматериалы Всероссийской научно-практической конференции _f[под ред. проф. Н.В. Новоторцевой] |
|
| 210 |
_aЯрославль _cРедакционно-издательский отдел ФГБОУ ВПО "Ярославский государственный педагогический университет им. К.Д. Ушинского" _d2013 |
||
| 215 |
_a155 с. _cил. _d20 |
||
| 300 | _aВ надзаг.: М-во образования и науки Рос. Федерации, ФГБОУ ВПО "Яросл. гос. пед. ун-т им. К.Д. Ушинского" | ||
| 320 | _aБиблиогр. в конце ст. | ||
| 606 | 1 |
_aДети с нарушением речи _jСъезды, совещания и т.п. _xКоррекционно-развивающее обучение _92163783 _3RU\NLR\AUTH\6601539020 |
|
| 606 | 1 |
_aШколы _jСъезды, совещания и т.п. _xЛогопедическая помощь _92536314 _3RU\NLR\AUTH\661501949 |
|
| 606 |
_aИнклюзивное образование _jСъезды, совещания и т.п. _91682231 _3RU\NLR\AUTH\66746977 |
||
| 686 | 1 | _aЧ437.122.1я431 | |
| 686 | 1 | _aЧ437.42я431 | |
| 686 | 1 | _aЧ421.223.23я431 | |
| 702 | 1 |
_4340 _7ca _8rus _aНовоторцева _bН. В. _f1953-2021 _gНадежда Вячеславовна _949875 _3RU\NLR\AUTH\7766947 |
|
| 712 | 0 | 2 |
_4570 _aЯрославский государственный педагогический университет им. К. Д. Ушинского _9304213 _3RU\NLR\AUTH\8815514 |
| 801 | 0 |
_aRU _bРГБ _c20140425 _gRCR |
|
| 942 | _cBOOK | ||
| 980 | _aNBR | ||